Top 10 - Buteurs en Ligue 1 saison 12/13 - Statistiques

Statistiques générales
  • Ce quiz a été pris 26 fois
  • Le résultat moyen est 6 sur 10
Statistiques - réponses
Club Buts Joueur % Correct
Paris Saint-Germain 30 Zlatan Ibrahimovic
96%
AS Saint-Etienne 19 Pierre-Emerick Aubameyang
87%
Olympique de Marseille 13 André-Pierre Gignac
83%
Olympique Lyonnais 16 Bafetimbi Gomis
70%
Toulouse FC 15 Wissam Ben Yedder
70%
OGC Nice 19 Dario Cvitanich
48%
Evian Thonon Gaillard FC 13 Saber Khalifa
43%
Lille OSC 14 Salomon Kalou
35%
FC Lorient 15 Jeremie Aliadière
26%
Girondins de Bordeaux 15 Anthony Modeste
9%
Aucun quiz correspondant
Distribution des résultats
% des personnes avec chaque résultat
Percentile par nombre de réponses
Votre historique - résultats
Vous n’avez pas pris ce quiz